000 01914nam a2200265Ia 4500
003 Ost
005 20260507075248.0
008 260507s9999||||xx |||||||||||||| ||und||
020 _a44383299579
040 _cfsecg
041 _aara
082 _a330
100 _aالتكريتي، اسماعيل يحي
_eمؤلف
245 0 _aأسس و مبادئ المحاسبة المالية :
_bالجزء الثاني /
_c اسماعيل يحي التكريتي
260 _aعمان:
_bدار الحامد,
_c2010
300 _a312 صفحة؛
_bإيضاحات ؛
_c24 سم
504 _aالكتاب محكم تحكيما علميا و منهجيا ؛ مراجع ص.311
520 _aالنقدية و الرقابة عليها ، المدينون و كل ما يتعلق بهذا الاصل مشيرين إلى الديون المشكوك في تحصيلها و طرق معالجتها ، أوراق القبض التي تحصل عليها الوحدة الاقتصادية منالمدينون و كيفية معالجتها محاسبيا و كل ما يتعلق بهذا البند من بنود الاصول المتداولة ،الاستثمارات الماليةقصيرة الاجل من أسهم و سندات و أساليب معالجتها و بما يتفق مع المعايير المحاسبية، المخزون السلعي من وجهة نظر الرقابة عليه و تحديد تكلفته سواء كان بالجرد الدوري أم بالجرد المستمر، الاصول طويلة الاجل ، الالتزامات قصيرة الاجل .
653 _aالاستثمارات المالية
653 _aالمحاسبة المالية
653 _aتدقيق الحسابات
700 _a التميمي، انتصار عبود مراد
_eمؤلف ثانوي
700 _aالطعمة،عبد الوهاب حبش
_eمؤلف ثانوي
942 _cكتاب
999 _c43675
_d43675